000 01269 a2200229 4500
001 28990
005 20260407155559.0
008 260407a1964 arg spa d
003 AR-UNSa-BCEJYS
040 _aAR-UNSa-BCEJYS
_bspa
_cAR-UNSa-BCEJYS
080 _a657
_xContabilidad
245 1 0 _aIntroducción a la contabilidad de costos
250 _a2a. ed.
264 1 _aMéxico :
_bUnión Tipográfica Editorial Hispano-Americana (UTEHA)
_c1964
300 _a386 p.
_c25 cm.
505 _a1. La contabilidad de costos y sus aplicaciones - 2. Contabilidad de los materiales - 3. Contabilidad del trabajo - 4. Contabildad de gastos de fabrica - 5. Cuotas hora-máquina - 6. Costos de los artículos fabricados. Costo de los artículos vendidos - 7. Cuentas de control - 8. Cierre de los libros. Preparación de estados financieros y de costos - 9. Gastos de fábrica por departamentos - 10. Procedimiento del costo estimado - 11. Costos por procesos - 12. Costos estandár - 13. Método de productos conexos y método de subproductos. Desperdicio. Avería - 14. Análisis de gastos en la organizaciones de ventas
041 _aspa
942 _cBK
590 _aniveau_biblio:m niveau_hierar:0
100 1 _aGillespie, Cecil Merle
700 1 _aAlatriste, Sealtiel
999 _c1780
_d1780